| 000 | 00553nam a2200193 i 4500 | ||
|---|---|---|---|
| 001 | 58068 | ||
| 003 | ES-MaACL | ||
| 005 | 20230906163723.0 | ||
| 007 | t| | ||
| 008 | 031020s1920 fr ||||1| fre d | ||
| 100 | 1 |
_aDuprat, G. L. _946114 |
|
| 245 | 1 | 2 |
_aL'education de la voluntè et des facultès logiones / _cG.L. Duprat. |
| 260 |
_aParís : _b[s.n., _c1920] ( _fLevé) |
||
| 300 |
_a324 p. ; _c18 cm. |
||
| 490 | 1 | _aEncyclopédie scientifique | |
| 830 | 0 |
_aEncyclopédie scientifique _9180883 |
|
| 852 |
_aES-MaACL _jD-4331 |
||
| 999 |
_c58068 _d58068 |
||